Semiannual progress report on real time control for NASA robotic gripper /

Bibliographic Details
Main Author: Salter, Carole A.
Corporate Author: United States. National Aeronautics and Space Administration
Other Authors: Baras, John S.
Format: Government Document eBook
Language:English
Published: [Washington, DC] : [National Aeronautics and Space Administration], [1989]
Series:NASA contractor report ; NASA CR-184978.
Subjects:
Online Access:https://purl.fdlp.gov/GPO/gpo30979

MARC

Tag First Indicator Second Indicator Subfields
LEADER 00000cam a2200000Ia 4500
001 in00002783034
005 20211120170440.0
006 m o d f
007 cr bn|||||||||
008 121115s1989 dcua ot f000 0 eng d
035 |a (OCoLC)ocn818241512 
040 |a GPO  |c GPO  |d GPO  |d MvI  |d UtOrBLW 
049 |a WWW 
074 |a 0830-H-14 (online) 
086 0 |a NAS 1.26:184978 
100 1 |a Salter, Carole A. 
245 1 0 |a Semiannual progress report on real time control for NASA robotic gripper /  |c Carole A. Salter and John S. Baras. 
246 3 0 |a Real time control for NASA robotic gripper 
264 1 |a [Washington, DC] :  |b [National Aeronautics and Space Administration],  |c [1989] 
300 |a 1 online resource (15 pages) :  |b illustrations 
336 |a text  |b txt  |2 rdacontent 
337 |a computer  |b c  |2 rdamedia 
338 |a online resource  |b cr  |2 rdacarrier 
490 1 |a NASA contractor report ;  |v NASA-CR-184978 
500 |a Title from title screen (viewed on Nov. 15, 2012). 
500 |a "February 15, 1989." 
513 |a Semiannual progress report. 
536 |c NAG5-1047 
500 |a Electronic resource. 
650 7 |a Control theory.  |2 nasat 
650 7 |a End effectors.  |2 nasat 
650 7 |a Loads (forces)  |2 nasat 
650 7 |a Manipulators.  |2 nasat 
650 7 |a Mathematical models.  |2 nasat 
650 7 |a Robot control.  |2 nasat 
700 1 |a Baras, John S. 
710 1 |a United States.  |b National Aeronautics and Space Administration. 
776 0 8 |i Print version:  |a Salter, Carole A.  |t Semiannual progress report on real time control for NASA robotic gripper.  |w (OCoLC)818241523 
776 0 8 |i Microfiche:  |a Salter, Carole A.  |t Semiannual progress report on real time control for NASA robotic gripper.  |w (OCoLC)818234476 
830 0 |a NASA contractor report ;  |v NASA CR-184978. 
856 4 0 |u https://purl.fdlp.gov/GPO/gpo30979  |t 0 
999 |a MARS 
999 f f |s 05fb4772-6d48-32f0-9e0a-d52456f087d0  |i cfa2c189-40e9-3fe1-bba2-ab58322cf523  |t 0 
952 f f |a Texas A&M University  |b College Station  |c Electronic Resources  |d Available Online  |t 0  |e NAS 1.26:184978  |h Superintendent of Documents classification 
998 f f |a NAS 1.26:184978  |t 0  |l Available Online